[Event "FICGS class M 000019 email"]
[Site "FICGS email"]
[Date "2022.08.04"]
[Round "1"]
[White "Podgursky, Artur"]
[Black "Larwinski, Paul"]
[Result "1/2-1/2"]
[WhiteElo "2432"]
[BlackElo "2491"]
[PlyCount "57"]
[EventDate "2022.??.??"]
[EventType "tourn (corr)"]
[EventRounds "1"]
[SourceTitle "Corr 2024"]
[Source "ChessBase"]
[SourceDate "2023.10.19"]
[SourceVersion "1"]
[SourceVersionDate "2023.10.19"]
[SourceQuality "1"]

1. d4 d5 2. c4 dxc4 3. Nf3 Nf6 4. e3 e6 5. Bxc4 c5 6. 0-0 a6 7. Bb3 b5 8. a4 Bb7 9. axb5 axb5 10. Rxa8 Bxa8 11. dxc5 Nbd7 12. c6 Bxc6 13. Nd4 Qa8 14. Nxc6 Qxc6 15. Qf3 Qxf3 16. gxf3 Be7 17. Na3 b4 18. Nb5 0-0 19. Nd4 Nc5 20. Bc4 Rc8 21. b3 e5 22. Nf5 Bf8 23. Bd2 g6 24. Ng3 Nfd7 25. Bxb4 Nxb3 26. Bxb3 Bxb4 27. Rd1 Nf6 28. Ne4 Nxe4 29. fxe4 1/2-1/2

[Event "FICGS class M 000018 email"]
[Site "FICGS email"]
[Date "2022.06.02"]
[Round "1"]
[White "Podgursky, Artur"]
[Black "Lounek, Jan"]
[Result "1/2-1/2"]
[WhiteElo "2422"]
[BlackElo "2494"]
[PlyCount "50"]
[EventDate "2022.??.??"]
[EventType "tourn (corr)"]
[EventRounds "1"]
[SourceTitle "Corr 2024"]
[Source "ChessBase"]
[SourceDate "2023.10.19"]
[SourceVersion "1"]
[SourceVersionDate "2023.10.19"]
[SourceQuality "1"]

1. e4 e5 2. Nf3 Nc6 3. Bb5 Nf6 4. d3 Bc5 5. Bxc6 dxc6 6. Nbd2 Nd7 7. Nc4 0-0 8. Ne3 a5 9. g4 a4 10. Nf5 Bd6 11. h4 Nc5 12. Be3 Ne6 13. Qd2 b5 14. 0-0-0 c5 15. Rdg1 a3 16. b3 c4 17. h5 cxb3 18. cxb3 Ra6 19. Kb1 f6 20. d4 Nxd4 21. N3xd4 exd4 22. Qxd4 Qe8 23. f3 Be5 24. Qd3 Rf7 25. Bc5 Rd7 1/2-1/2

[Event "FICGS class M 000013 email"]
[Site "FICGS email"]
[Date "2016.09.29"]
[Round "1"]
[White "Podgursky, Artur"]
[Black "Llull, Roger"]
[Result "1/2-1/2"]
[WhiteElo "2458"]
[BlackElo "2305"]
[PlyCount "33"]
[EventDate "2016.??.??"]
[EventType "tourn (corr)"]
[EventRounds "1"]
[SourceTitle "Corr 2022"]
[Source "ChessBase"]
[SourceDate "2021.10.24"]
[SourceVersion "1"]
[SourceVersionDate "2021.10.24"]
[SourceQuality "1"]

1. e4 e5 2. Nf3 Nc6 3. Bb5 Nf6 4. d3 Bc5 5. c3 0-0 6. 0-0 d6 7. Nbd2 Ne7 8. d4 exd4 9. cxd4 Bb6 10. Re1 Bg4 11. h3 Bh5 12. Qb3 d5 13. e5 Nd7 14. a4 a5 15. g4 Bg6 16. Nf1 c6 17. Bd3 1/2-1/2